000 00692nam a22002177a 4500
008 130821s1986 mx gr spa
020 _a9684521499
040 _aCo-BoUCM
_cJavier Garzón
_dHenry Ríos
041 0 0 _aspa
100 1 _aDumas, Alejandro
_d1802-1870
_936840
245 1 3 _aLa mano del muerto
_cAlejandro Dumas
260 _aMéxico D.F. (México)
_bEditorial Porrúa
_c1986
300 _a316 páginas
490 0 _a"Sepan cuantos..."
_v504
500 _aIncluye índice
650 7 _aLiteratura francesa
_97794
650 7 _aNovela francesa
_920506
690 _aLiteratura europea
942 _cLIBRO
_a18
_e1
_mD886
_2DEWEY
_h843.8
999 _c166483
_d166483